000 01421nam a2200397 i 4500
001 ELB177051
003 FINmELB
005 20250326042624.0
006 m o d |
007 cr cnu||||||||
008 211230s2013 ag ob 001 0 spa d
020 _a9789508086884
_q(e-book)
035 _a(OCoLC)1311929872
040 _aFINmELB
_bspa
_erda
_cFINmELB
050 4 _aQA8.4
_bG6439 2013
080 _a5
082 0 4 _a510.1
_223
100 1 _aGonzález, Adriana,
_eautor.
245 1 4 _aLos números por aquí y por allá :
_bla numeración en la escuela primaria /
_cAdriana González.
264 1 _aRosario :
_bHomo Sapiens Ediciones,
_c2013.
300 _a1 recurso en línea (85 páginas)
336 _atexto
_btxt
_2rdacontent/spa
337 _acomputadora
_bc
_2rdamedia/spa
338 _arecurso en línea
_bcr
_2rdacarrier/spa
500 _aIncluye índice.
504 _aIncluye bibliografía.
588 _aDescripción basada en metadatos suministrados por el editor y otras fuentes.
590 _aRecurso electrónico. Santa Fe, Arg.: elibro, 2021. Disponible vía World Wide Web. El acceso puede estar limitado para las bibliotecas afiliadas a elibro.
650 0 _aMathematics.
650 0 _aTeaching.
650 4 _aEnseñanza.
650 4 _aMatemática.
655 4 _aLibros electrónicos.
797 2 _aelibro, Corp.
856 4 0 _uhttps://elibro.net/ereader/usam/177051
999 _c131934
_d131934